Looking back to move forward resolving health & environmental crises /

Detalles Bibliográficos
Autor principal: Macbeth, Hampden T.
Formato: eBook
Lenguaje:inglés
Publicado: Washington DC: Environmental Law Institute, 2020
Materias:
Acceso en línea:Acceso restringido

MARC

LEADER 00000nam a22000007a 4500
005 20220916223018.0
007 cr|||| ||||
008 220916s2020 us |||||s|||| 00||0 eng d
020 |a 978-1-58576-227-9 
035 |a 36436 
040 |a vLex 
090 |c 13923  |d 13923 
100 1 |a Macbeth, Hampden T. 
245 1 0 |a Looking back to move forward  |h [Recurso electrn̤ico] :  |b resolving health & environmental crises /  |c Hampden T. Macbeth 
256 |a Servicio en ln̕ea 
260 |a Washington DC:  |b Environmental Law Institute,  |c 2020 
300 |a 1 recurso electrn̤ico 
500 |a About the Book: The U.S. legal system was built to address predictable health and environmental injuries, but it can seize up when health or environmental crises combine legally confounding fact patterns with huge humanitarian and financial... 
506 1 |a Disponible solo en los productos indicados  |d vLex Global  |d vLex Global (Academic Edition, excluding Law Schools)  |d vLex Global (Academic Edition, Law Schools) 
650 0 4 |a Derecho del Medio Ambiente  |z Estados Unidos 
740 0 |a vLex Libros (Servicio en ln̕ea) 
856 4 0 |u https://app.vlex.com/#/sources/36436  |z Acceso restringido 
942 |c BOOK 
999 0 |a Environmental Law